Bilecik Bilecik Bilecik Bilecik Bilecik

Matüridi'de Allah - Alem ilişkisi/ (Record no. 9720)

MARC details
000 -BAŞLIK
Sabit Uzunluktaki Kontrol Alanı 01937nam a22003737a 4500
001 - KONTROL NUMARASI
Control Dosyası 0009748
003 - KONTROL NUMARASI KİMLİĞİ
Kontrol Alanı KOHA_MİRAKIL
005 - EN SON İŞLEM TARİHİ ve ZAMANI
Kontrol Alanı 20260207001720.0
007 - FİZİKSEL TANIM SABİT ALAN - GENEL BİLGİ
Sabit uzunluklu kontrol alanı ta
008 - SABİT UZUNLUKTAKİ VERİ ÖGELERİ - GENEL BİLGİ
Sabit Alan 130730b2004 tu |||gr||||#||||0|tur |
020 ## - ISBN - ULUSLARARASI STANDART KİTAP NUMARASI
Isbn 9754374783
040 ## - KATALOGLAMA KAYNAĞI
Özgün Kataloglama Kurumu TR-BiSEU
Kataloglama Dili tur
Çeviri Kurumu TR-BiSEU
Açıklama Kuralları rda
041 0# - DİL KODU
Metin ya da ses kaydının dil kodu tur
044 ## - YAYINLAYAN/ÜRETEN KURULUŞUN ÜLKE KODU
ISO country code tu
050 ## - SINIFLAMA ve YER NUMARASI
Sınıflama Numarası BP166.2
Yer Numarası .K810 2004
100 1# - KİŞİ ADI
Yazar Adı (Kişi adı) Koçar, Musa.
245 1# - ESER ADI BİLDİRİMİ
Başlık Matüridi'de Allah - Alem ilişkisi/
Sorumluluk Bildirimi Musa Koçar ; Musa Koçar.
264 #1 - ÜRERİM, YAYIN, DAĞITIM ve TELİF BİLDİRİMİ
Yayın yeri İstanbul :
Yayınlayan Ötüken Neşriyat
Yayın tarihi 2004
300 ## - FİZİKSEL TANIMLAMA
Sayfa, Cilt vb. 291 sayfa; 20 cm.
336 ## - İÇERİK TÜRÜ
Content type term metin
Content type code txt
Source rdacontent
337 ## - MEDYA TÜRÜ
Media type term aracısız
Media type code n
Source rdamedia
338 ## - TAŞIYICI TÜRÜ
Carrier type term cilt
Carrier type code nc
Source rdacarrier
490 1# - DİZİ BİLDİRİMİ
Dizi Bildirimi Ötüken Neşriyat ;
Cilt Numarası Yayın Nu.
490 1# - DİZİ BİLDİRİMİ
Dizi Bildirimi 569.
490 1# - DİZİ BİLDİRİMİ
Dizi Bildirimi Kültür Serisi ;
Cilt Numarası 251
500 ## - GENEL NOT
Genel Not Kaynakça ve dizin var.
505 ## - İÇİNDEKİLER NOTU
İçindekiler Notu Türk-İslâm dünyasının yetiştirdiği ender düşünürlerden biri olan Ebû Mansûr el-Mâtüridî (238/852-333/944), kendi adına nisbetle Mâtüridiyye adını alan kelâm ekolünün kurucusudur. Özbekistan'ın Semerkant şehrinde doğar ve aynı şehirde vefat eder. Mâtüridî, akıl-vahiy ilişkisi konusunda aşırılıktan uzak, orta bir yol takip ederek, İslâm'ın inanç esaslarını ontolojik, epistemolojik, kelâmî ve felsefî açılardan sistemleştirir. Onun ortaya koyduğu düşünceler geniş kitleler tarafından kabul görür. Mâtüridî, gerek İslâm dünyasında ortaya çıkan, gerekse dış kaynaklı inanç ve felsefelerin İslâm'ın inanç esaslarına uygun düşmeyen yönlerini eleştirmeye de büyük önem vermiştir. Bu çalışmada Mâtüridî'nin, Allah-Âlem ilişkisine dair görüşleri karşılaştırmalı olarak ele alınmaktadır.
650 #0 - KONU BAŞLIĞI EK GİRİŞ - KONU TERİMİ
Konusal terim veya coğrafi ad God (Islam).
9 (RLIN) 24062
650 #0 - KONU BAŞLIĞI EK GİRİŞ - KONU TERİMİ
Konusal terim veya coğrafi ad Allah.
9 (RLIN) 24063
830 1# - SERİ EK GİRİŞİ - TEKBİÇİM ESER ADI
Tekbiçim Başlık Ötüken Neşriyat ;
Volume number/sequential designation Yayın Nu.
9 (RLIN) 11308
830 1# - SERİ EK GİRİŞİ - TEKBİÇİM ESER ADI
Tekbiçim Başlık 569.
9 (RLIN) 24064
830 1# - SERİ EK GİRİŞİ - TEKBİÇİM ESER ADI
Tekbiçim Başlık Kültür Serisi ;
Volume number/sequential designation 251
9 (RLIN) 6554
942 ## - EK GİRİŞ ÖGELERİ (KOHA)
Source of classification or shelving scheme Library of Congress Classification
Koha item type Book
505 ## - İÇİNDEKİLER NOTU
--
Holdings
Materyal Türü Kalıcı Konum Mevcut Konum Raf Yeri Sınıflandırma Kaynağı Edinim Bilgisi Ana Konular Alt Konular Yer Numarası Demirbaş Numarası Fatura Tarihi Maliyet, Alış Fiyatı Maliyet, Yenileme Fiyatı Geri Çekilme Durumu Kayıp Durumu Hasarlı Durumu Kredi için değil Kayıt Tarih Toplam Ödünçverme Son Görülme Tarihi Son Kontrol Tarihi Genel / Bağış Notu Satın Alma Notu
Book Prof. Dr. Azmi Özcan Kütüphanesi Prof. Dr. Azmi Özcan Kütüphanesi Uluğbey Salonu Library of Congress Classification Bağış FELSEFE, PSİKOLOJİ, DİN İslam, Bahailik, Teozofi vb. BP166.2 .K810 2004 0009748 13/08/2010 10.00 10.00         23/10/2009 1 05/12/2024 05/12/2024 Ötüken Yayınevi  
Book Prof. Dr. Azmi Özcan Kütüphanesi Prof. Dr. Azmi Özcan Kütüphanesi Uluğbey Salonu Library of Congress Classification Satın FELSEFE, PSİKOLOJİ, DİN İslam, Bahailik, Teozofi vb. BP166.2 .K810 2004 0042632 24/09/2013 9.57 9.57         30/07/2013   05/12/2024 05/12/2024   73291-73383 (92 sayfa)